NFL Teams and Cities/States - Statistics

General Stats
  • This quiz has been taken 23 times
  • The average score is 51 of 64
Answer Stats
Cities and Teams % Correct
San Francisco
94%
49ers
88%
Dallas
88%
Detroit
88%
Giants
88%
Jacksonville
88%
Jets
88%
Las Vegas
88%
Los Angeles
88%
Los Angeles
88%
New Orleans
88%
New York
88%
New York
88%
Rams
88%
Seattle
88%
Tampa Bay
88%
Arizona
82%
Bears
82%
Buccaneers
82%
Cardinals
82%
Chargers
82%
Chicago
82%
Chiefs
82%
Colts
82%
Commanders
82%
Cowboys
82%
Dolphins
82%
Houston
82%
Jaguars
82%
Kansas City
82%
Lions
82%
Miami
82%
Minnesota
82%
Raiders
82%
Saints
82%
Seahawks
82%
Tennessee
82%
Titans
82%
Vikings
82%
Washington
82%
Atlanta
76%
Baltimore
76%
Bengals
76%
Broncos
76%
Browns
76%
Cincinnati
76%
Cleveland
76%
Denver
76%
Falcons
76%
Indianapolis
76%
Philadelphia
76%
Ravens
76%
Texans
76%
Carolina
71%
Eagles
71%
Green Bay
71%
Packers
71%
Panthers
71%
Pittsburgh
71%
Bills
65%
Buffalo
65%
New England
65%
Patriots
65%
Steelers
65%
No matching quizzes found
Score Distribution
Percent of People with Each Score
Percentile by Number Answered
Your Score History
You have not taken this quiz